[Event "AUTO-OPEN-4539"]
[Site "http://www.queenalice.com/game.php?id=1840798"]
[Date "2024.7.24"]
[Round "1"]
[White "Chsilva"]
[Black "NickThorp"]
[Result "0-1"]
[WhiteElo "1723"]
[BlackElo "1588"]

1. e4 e5 2. Nf3 Nc6 3. Bc4 Bc5 4. O-O d6 5. d3 Bg4 6. h3 Bh5 7. g4 Bg6 8. Nc3 a6
9. Nd5 Nge7 10. h4 h5 11. Ng5 Qd7 12. Nxe7 Qxe7 13. Be3 Bxe3 14. fxe3 hxg4 15.
Qxg4 Bh5 16. Qf5 f6 17. Nh7 Bf7 18. h5 Bxc4 19. dxc4 Qf7 20. h6 Ne7 21. hxg7
Qxg7+ 22. Kf2 Nxf5 23. exf5 Rxh7 24. Ke2 Qg2+ 25. Kd3 O-O-O 26. b4 Rdh8 27. Rg1
Qc6 28. Rg6 e4+ 29. Kc3 d5 30. c5 a5 31. a3 Rh3 32. Kd4 b6 33. c3 R8h5 34. Rf1
Rf3 35. Rg8+ Kb7 36. Rfg1 Rhxf5 37. Ra1 bxc5+ 38. bxc5 Rf1 39. Rg1 Rxa1 40. Rxa1
Qa4+ 41. c4 Qxc4# 0-1

[Event "AUTO-OPEN-4539"]
[Site "http://www.queenalice.com/game.php?id=1840799"]
[Date "2024.7.24"]
[Round "1"]
[White "NickThorp"]
[Black "Chsilva"]
[Result "1-0"]
[WhiteElo "1599"]
[BlackElo "1796"]

1. e4 d5 2. e5 Nc6 3. Nf3 Bf5 4. d3 e6 5. Bg5 f6 6. exf6 Nxf6 7. Qd2 h6 8. Bh4
g5 9. Bg3 Bc5 10. d4 Ne4 11. Qe3 Bb6 12. Bb5 Qd7 13. Ne5 Qd6 14. Nxc6 Nxg3 15.
hxg3 bxc6 16. Ba4 Qb4+ 17. Nc3 O-O-O 18. O-O-O Bxd4 19. Rxd4 Qc5 20. g4 Be4 21.
Nxe4 Qe7 22. Nc3 c5 23. Nxd5 Qd6 24. Nb6+ Qxb6 25. Rxd8+ Rxd8 26. Rxh6 Qd6 27.
c3 Qd5 28. Rxe6 Qxg2 29. Re5 Qxg4 30. Rxg5 Qxa4 31. Qe6+ Kb8 32. Rd5 Qf4+ 33.
Kc2 Qxf2+ 34. Kb3 Rxd5 35. Qxd5 a6 36. Qc6 Qf5 37. Qxa6 Qd5+ 38. Ka3 c4 39. Kb4
c5+ 40. Ka3 Kc7 41. Qa5+ Kd7 42. Qb5+ Ke6 43. b3 cxb3 44. axb3 Qa8+ 45. Kb2 Qg2+
46. Ka3 Qd5 47. c4 Qd4 48. Qb6+ Ke5 49. Ka4 Ke4 50. Kb5 Kd3 51. Qxc5 Qc3 52. b4
Kc2 53. Kb6 Kb3 54. b5 Ka4 55. Qc6 Qa5+ 56. Kc5 Qb4+ 57. Kb6 Qf8 58. Ka6 Qb8 59.
Qb7 Qf8 60. b6 Qb4 61. Qc6+ Ka3 62. b7 Kb3 63. c5 Qc4+ 64. Kb6 Qb4+ 65. Kc7 Qa5+
66. Qb6+ Qxb6+ 67. Kxb6 Kb4 68. b8=Q Kc4 69. c6 Kd5 70. c7 Kd4 71. c8=Q 1-0

[Event "Challenge"]
[Site "http://www.queenalice.com/game.php?id=1841805"]
[Date "2024.8.12"]
[Round "-"]
[White "Chsilva"]
[Black "okiwiz"]
[Result "1/2-1/2"]
[WhiteElo "1720"]
[BlackElo "1784"]

1. e4 e6 2. Nc3 Bb4 3. Qf3 Nf6 4. e5 Bxc3 5. Qxc3 Nd5 6. Qg3 O-O 7. d4 Nc6 8.
Bh6 g6 9. Bxf8 Qxf8 10. Nf3 Qb4+ 11. Nd2 Qxb2 12. Rb1 Qxd4 13. Bd3 Nxe5 14. O-O
Nxd3 15. Qxd3 Qg4 16. Ne4 Qf5 17. a3 b6 18. c4 Nf4 19. Qf3 Bb7 20. Nf6+ Qxf6 21.
Qxb7 Qd8 22. a4 a5 23. Qe4 Nh5 24. Qe3 Qe7 25. Rbc1 Rc8 26. Qe4 Nf6 27. Qb7 Qf8
28. h3 Qd8 29. g4 c5 30. Rfd1 Kf8 31. f3 Kg8 32. g5 Rb8 33. Qa6 Ne8 34. Qb5 Rb7
35. h4 Qc7 36. Kg2 Nd6 37. Qb3 Nf5 38. Rg1 Nd4 39. Qd3 Qc6 40. Qe4 Qxe4 41. fxe4
Ne2 42. Rcf1 Nxg1 43. Kxg1 Rc7 44. Rd1 Kf8 45. Kf2 Ke7 46. Kf3 Rc6 47. e5 d6 48.
Ke4 Kd7 49. Rf1 Ke7 50. h5 Rc8 51. h6 Rd8 52. Rd1 Rd7 53. Rb1 Rb7 54. exd6+ Kxd6
55. Rd1+ Ke7 56. Ke5 Ra7 57. Rd6 Rb7 58. Rd3 Rb8 59. Rd6 Rb7 60. Rd2 1/2-1/2

[Event "AUTO-ADV-4814"]
[Site "http://www.queenalice.com/game.php?id=1844053"]
[Date "2024.9.21"]
[Round "1"]
[White "Chsilva"]
[Black "juim"]
[Result "1-0"]
[WhiteElo "1736"]
[BlackElo "1712"]

1. e4 d5 2. Bd3 dxe4 3. Bxe4 Be6 4. Nc3 Nc6 5. Nf3 Bg4 6. h3 Be6 7. Ng5 Qd7 8.
d3 O-O-O 9. Nb5 a6 10. Bxc6 Qxc6 11. Na7+ Kb8 12. Nxc6+ bxc6 13. Qf3 Bd5 14. Qf4
Kc8 15. Nxf7 Bxf7 16. Qxf7 Nh6 17. Bxh6 gxh6 18. Qe6+ Kb7 19. O-O-O Rd6 20. Qe5
Rg8 21. g4 Rd5 22. Qc3 e5 23. Qb3+ Kc8 24. c4 Rd4 25. c5 Rd5 26. Kb1 Rg5 27. Qa4
Rxc5 28. Qxa6+ Kd7 29. d4 Rd5 30. dxe5 Rxe5 31. Rxd5+ cxd5 32. f4 Re6 33. Qa4+
Ke7 34. f5 Re4 35. Qa5 Kf6 36. Qxd5 Re5 37. Qd8+ Be7 38. Qh8+ 1-0

[Event "AUTO-ADV-4814"]
[Site "http://www.queenalice.com/game.php?id=1844054"]
[Date "2024.9.21"]
[Round "1"]
[White "juim"]
[Black "Chsilva"]
[Result "0-1"]
[WhiteElo "1697"]
[BlackElo "1751"]

1. e4 d5 2. exd5 Qxd5 3. Nc3 Qe6+ 4. Nge2 Nc6 5. d3 Nd4 6. Be3 Nf5 7. Qd2 Nxe3
8. fxe3 Nf6 9. Nf4 Qb6 10. b3 Be6 11. Nxe6 Qxe6 12. Nb5 Qc6 13. c4 g6 14. Nd4
Qb6 15. Nb5 Bg7 16. Be2 O-O 17. O-O Rad8 18. a4 Ne4 19. a5 Qc6 20. Nxa7 Nxd2 21.
Nxc6 bxc6 22. Rf2 Nxb3 23. Ra3 Nc5 24. d4 Ne4 25. Rf4 Nd2 26. Bd3 f5 27. Ra2 Ne4
28. Bxe4 fxe4 29. Rxe4 c5 30. d5 Rfe8 31. Rf4 e6 32. dxe6 Rxe6 33. a6 Bh6 34.
Rf3 Bxe3+ 35. Kf1 Ra8 36. Ke2 Bd4+ 37. Kf1 Rexa6 38. Rxa6 Rxa6 39. Rb3 Be5 40.
g3 Ra4 41. Re3 Bd6 42. Kg2 Rxc4 43. Kh3 Rd4 44. g4 c4 0-1

[Event "AUTO-ADV-4814"]
[Site "http://www.queenalice.com/game.php?id=1844055"]
[Date "2024.9.21"]
[Round "1"]
[White "Chsilva"]
[Black "ThiagoBrumN"]
[Result "1-0"]
[WhiteElo "1685"]
[BlackElo "1732"]

1. e4 e5 2. Nf3 Nc6 3. Nc3 Nf6 4. Bb5 Bc5 5. Ng5 h6 6. Nf3 O-O 7. Nd5 Nxd5 8.
exd5 Nd4 9. Nxd4 exd4 10. O-O a6 11. Bd3 Bd6 12. Qg4 Be7 13. Qxd4 Bf6 14. Qe4
Re8 15. Qh7+ Kf8 16. Qh8+ Ke7 17. Re1+ Kd6 18. Rxe8 g6 19. Rxd8 Bxh8 20. Rxh8
Kxd5 21. b3 h5 22. Bb2 d6 23. c4+ Kc6 24. Rd8 b6 25. Be4+ Kc5 26. Bxa8 Bf5 27.
d4+ Kb4 28. Bf3 c5 29. Rxd6 cxd4 30. Rxb6+ Kc5 31. Rxa6 h4 32. Ba3# 1-0

[Event "AUTO-ADV-4814"]
[Site "http://www.queenalice.com/game.php?id=1844056"]
[Date "2024.9.21"]
[Round "1"]
[White "ThiagoBrumN"]
[Black "Chsilva"]
[Result "0-1"]
[WhiteElo "1701"]
[BlackElo "1703"]

1. e4 d5 2. exd5 Qxd5 3. Nc3 Qe6+ 4. Nge2 Bd7 5. d3 Nc6 6. Bf4 O-O-O 7. Qd2 Nf6
8. g3 h6 9. Bg2 Nd4 10. O-O Bc6 11. Nxd4 Rxd4 12. Be3 Rd7 13. f3 g5 14. Rfe1 Bg7
15. a3 Nd5 16. Bxa7 Qd6 17. Rab1 b6 18. b4 Bxc3 19. Qxc3 Nxc3 20. Rbc1 Qd4+ 21.
Kh1 Nb5 22. Bxb6 Qxb6 23. a4 Nc3 24. a5 Qxb4 25. Ra1 Na2 26. Reb1 Qxa5 27. Rb2
Bd5 28. f4 gxf4 29. gxf4 Rd6 30. Bxd5 Qxd5+ 31. Kg1 Rg8+ 32. Kf1 Qf3+ 33. Ke1
Re6+ 34. Kd2 Qe2# 0-1

[Event "AUTO-ADV-4814"]
[Site "http://www.queenalice.com/game.php?id=1844057"]
[Date "2024.9.21"]
[Round "1"]
[White "Chsilva"]
[Black "Capixaba789"]
[Result "1-0"]
[WhiteElo "1688"]
[BlackElo "1808"]

1. e4 e5 2. Qf3 Nc6 3. Bc4 Nf6 4. c3 d6 5. a3 Be7 6. Ne2 O-O 7. Ng3 a6 8. d3 b5
9. Bd5 Bg4 10. Qe3 Nxd5 11. exd5 Nb8 12. d4 exd4 13. Qxd4 f5 14. h3 Re8 15. O-O
Bf6 16. Qd2 Bxh3 17. gxh3 Bh4 18. Qf4 Bf6 19. Qxf5 Nd7 20. Qg4 Ne5 21. Qh5 c5
22. dxc6 Nxc6 23. Qd5+ 1-0